Normal view
MARC view
- ELECTRIC ENGINEERING, ELECTRONICS
Entry Topical Term
001 - CONTROL NUMBER
- control field: 61412
003 - CONTROL NUMBER IDENTIFIER
- control field: NUST
005 - DATE AND TIME OF LATEST TRANSACTION
- control field: 20210628202740.0
008 - FIXED-LENGTH DATA ELEMENTS
- fixed length control field: 210628|| aca||aabn | a|a d
040 ## - CATALOGING SOURCE
- Original cataloging agency: NUST
- Transcribing agency: NUST
150 ## - HEADING--TOPICAL TERM
- Topical term or geographic name entry element: ELECTRIC ENGINEERING, ELECTRONICS
670 ## - SOURCE DATA FOUND
- Source citation: Work cat.: (NUST): Boylestad, Robert.L Nashelsky, Louis 61411, Electronics, a survey of electrical engineering principles, 1996
